000 01198cam a2200265 4500
008 020111n2002 000 0 eng u
020 _a186134371X
035 _a(Sirsi) u116255
041 _aeng.
050 _a711.52
100 _aBiddulph, M.
245 _aHome zones : a planning and design handbook
260 _bPolicy Press
_c2002
300 _avi,74p.
_c30cm.
350 _a13.95
520 _aA home zone is a residential street where people come before vehicles. This handbook serves as a useful guide for anyone interested in the home zone concept and wanting practical advice on how to implement such a scheme, including: residents thinking of introducing a home zone into their street; engineers, landscape designers or architects given the task of planning and designing a home zone scheme; councillors, housing and regeneration professionals interested in finding out about the potential for home zones in their areas.
650 _aHOME ZONES
650 _aJOSEPH ROWNTREE FOUNDATION
650 _aURBAN DESIGN
650 _aURBAN ENVIRONMENT
650 _aCOUNCILS
650 _aRESIDENTIAL STREETS
690 _aPlanning and development
_96259
942 _n0
999 _c101838
_d101838